| 000 | 00653pam a2200181 a 4500 | ||
|---|---|---|---|
| 020 | _a0136249906 | ||
| 082 | 0 | 0 |
_a519.4 _bMAT _cL-38, P-28 |
| 100 | 1 |
_aMathews, John H., _939452 |
|
| 245 | 1 | 0 |
_aNumerical methods for mathematics, science, and engineering / _cJohn H. Mathews. |
| 250 | _a2nd ed. | ||
| 260 |
_aEnglewood Cliffs, N.J. : _bPrentice Hall, _cc1992. |
||
| 300 |
_ax, 646 p. : _bill. ; _c24 cm. |
||
| 500 | _aRev. ed. of: Numerical methods for computer science, engineering, and mathematics. 1987. | ||
| 526 |
_a0 _b0 _c0 _d519_400000000000000_MAT |
||
| 650 | 0 |
_aNumerical analysis. _9103 |
|
| 700 | 1 |
_aMathews, John H., _939452 |
|
| 942 |
_2ddc _cBK |
||
| 999 |
_c543946 _d543946 |
||